Culture Générale - Série 880 - Statistiques

Statistiques générales
  • Ce quiz a été pris 112 fois
  • Le résultat moyen est 5 sur 10
Statistiques - réponses
Question Réponse % Correct
Combien Beethoven a-t-il composé de symphonies ? neuf
88%
De quelle nationalité était le sculpteur Bartholdi, le créateur de la statue de la Liberté ? Française
85%
Dans "Les Aventures de Tintin", comment s'appelle le château du capitaine Haddock ? Moulinsart
83%
Comment s'appellent les vibrations sonores, supérieures à 20 000 hertz et inaudibles pour l'homme ? ultrasons
75%
Quel était le prénom du sculpteur Belmondo, père du célèbre Jean-Paul ? Paul
60%
Quel poète français est l'auteur des dialogues du film de Carné “Les Visiteurs du soir” ? Jacques Prévert
46%
Quel bulbe, de la famille de l'ail, est indispensable à la préparation d'un beurre blanc ? échalote
42%
En 1986, quelle comédienne se déshabille pour Mickey Rourke dans "9 semaines et 1/2" ? Kim Basinger
32%
Quel fruit, aussi appelé "groseille de Chine", pousse sur l'actinidia ? kiwi
32%
En août 1983, quel homme politique italien devient président du Conseil ? Bettino Craxi
5%
Aucun quiz correspondant
Distribution des résultats
% des personnes avec chaque résultat
Percentile par nombre de réponses
Votre historique - résultats
Vous n’avez pas pris ce quiz